[Event "Senta op 20th"]
[Site "Senta"]
[Date "2016.07.29"]
[Round "9"]
[White "Petric, Ivan"]
[Black "Lorincz, Laszlo"]
[Result "1-0"]
[WhiteElo "1958"]
[BlackElo "1803"]
[PlyCount "65"]
[EventDate "2016.07.22"]
[EventType "swiss"]
[EventRounds "9"]
[EventCountry "SRB"]
[SourceTitle "EXT 2017"]
[Source "ChessBase"]
[SourceDate "2016.10.25"]
[SourceVersion "1"]
[SourceVersionDate "2016.10.25"]
[SourceQuality "1"]

1. e4 c5 2. Nf3 d6 3. d4 cxd4 4. Nxd4 Bd7 5. Nc3 a6 6. Bd3 Nc6 7. Be3 Nf6 8. 0-0 g6 9. Nd5 Bg7 10. Nxc6 Bxc6 11. Bb6 Qc8 12. Nc7+ Kf8 13. Nxa8 Qxa8 14. Bd4 Nd7 15. c3 Bf6 16. Qe2 Kg7 17. f4 e5 18. fxe5 dxe5 19. Be3 b5 20. Rf2 Be7 21. Raf1 f6 22. b4 Rc8 23. Qg4 Nf8 24. Bg5 Nd7 25. Bc2 Rf8 26. Qe6 Bd8 27. Be3 Qc8 28. Bc5 Bb6 29. Bxf8+ Kxf8 30. Bb3 Kg7 31. Bd5 Bb7 32. Rd1 Bxf2+ 33. Kxf2 1-0